De heráldica salmantina: historia de la ciudad en el arte de sus blasones

Uloženo v:
Podrobná bibliografie
Hlavní autor: Alvarez Villar, Julián (Autor)
Médium: Kniha
Jazyk:španělština
Vydáno: Salamanca, España Universidad de Salamanca 1966
Edice:Filosofía y Letras, 53
Témata:
Tagy: Přidat tag
Žádné tagy, Buďte první, kdo vytvoří štítek k tomuto záznamu!

MARC

LEADER 00000nam a2200000 a 4500
001 UCO0904
003 CL-VaPUC
005 20210521001542.0
008 000428e19660000SP |||||||||||||||||spa|d
999 |c 287543  |d 287541 
040 |c Pontificia Universidad Católica de Valparaíso 
082 0 4 |a 929.82 ALV 1966  |2 21 
100 0 |a Alvarez Villar, Julián  |e author  |9 442520 
245 1 0 |a De heráldica salmantina:  |b  historia de la ciudad en el arte de sus blasones 
260 |a Salamanca, España  |b Universidad de Salamanca  |c 1966 
300 |a 245 páginas 
490 0 |a Filosofía y Letras,  |v  53 
583 |a last modification  |c 20000428 00:00:00  |k Rodrigo Vera 
650 0 |a Historia de España  |9 315435 
650 7 |a BLASONES  |2 CL-VaPUC  |9 442521  |z ESPAÑA 
650 7 |a HERALDICA  |2 CL-VaPUC  |9 388228  |z ESPAÑA  |z SALAMANCA 
650 7 |a HISTORIA DE SALAMANCA  |2 CL-VaPUC  |9 442522  |z ESPAÑA 
852 |a BIBCUR 
942 |c BK  |2 ddc 
945 |d 20000428 00:00:00  |a rherrera 
952 |0 0  |1 0  |2 ddc  |4 0  |6 929_820000000000000_ALV_1966  |7 0  |8 A  |9 334447  |a BIBHIS  |b BIBHIS  |d 2019-11-20  |i 1267868  |o 929.82 ALV 1966  |p 1267868  |r 2023-01-25  |t 1  |w 2019-11-20  |y BK  |k HIS